00778nam a2200193Ia 4500008004100000020001500041040001800056041000800074110005100082245009700133260008100230300001800311490002100329504002200350651007100372651005200443651006200495700002700557130821s2006 ck gr spa  a9588244102 aCo-BoUCMbspa00aspa1 aColombia.bMinisterio de Relaciones Exteriores10aMemoria al Congreso Nacional 2005-2006cMinisterio de Relaciones Exteriores, Carolina Barco aBogotá (Colombia)bFondo Editorial de la Cancillería de San Carlosc2006 a569 páginas 0aSerie documentos aIncluye índice. 7aColombiabMinisterio de Relaciones ExterioresvInformesy2005-2006 7aColombiabRelaciones internacionalesy2005-2006 7aColombiaxAdministración públicavInformesy2005-20061 aBarco, Carolinad1950-